000 00553nam a2200193Ia 4500
005 20250326124455.0
008 250326s9999 xx 000 0 und d
037 _aTextbook
040 _aFMSL
_beng
_cFMSL
041 _aeng
_2eng
084 _aX:89U M6;1
_qFMSL
100 _aHeinritz S F
_9342644
245 0 _aPurchasing: prionciples and applications
_cHeinritz S F; Farrell P V
250 _a7
260 _aNew Jersey
_bNew Jersey, Prentice-Hall
_c1986
300 _a404p
942 _cTB
_hX:89U M6;1
999 _c1273858
_d1273858